The practice of diplomacy : (Record no. 30888)

MARC details
000 -LEADER
fixed length control field 01220cam a2200325 a 4500
001 - CONTROL NUMBER
control field 4432509
003 - CONTROL NUMBER IDENTIFIER
control field EG-ScBUE
005 - DATE AND TIME OF LATEST TRANSACTION
control field 20250216100416.0
008 - FIXED-LENGTH DATA ELEMENTS--GENERAL INFORMATION
fixed length control field 940406s1995 enk f b 001 0 eng d
020 ## - INTERNATIONAL STANDARD BOOK NUMBER
International Standard Book Number 9780415104753
020 ## - INTERNATIONAL STANDARD BOOK NUMBER
International Standard Book Number 0415104750 (pbk.)
040 ## - CATALOGING SOURCE
Original cataloging agency DLC
Language of cataloging eng
Description conventions rda
Transcribing agency DLC
Modifying agency DLC
-- EG-ScBUE
082 04 - DEWEY DECIMAL CLASSIFICATION NUMBER
Classification number 327.209
Edition number 22
Item number HAM
100 1# - MAIN ENTRY--PERSONAL NAME
Personal name Hamilton, Keith,
Dates associated with a name 1942-
Relator term author.
245 14 - TITLE STATEMENT
Title The practice of diplomacy :
Remainder of title its evolution, theory, and administration /
Statement of responsibility, etc Keith Hamilton and Richard Langhorne.
264 #1 - PUBLICATION, DISTRIBUTION, ETC. (IMPRINT)
Place of publication, distribution, etc Abingdon, Oxon ;
-- New York :
Name of publisher, distributor, etc Routledge,
Date of publication, distribution, etc 1995.
300 ## - PHYSICAL DESCRIPTION
Extent vii, 279 pages ;
Dimensions 25 cm
336 ## - CONTENT TYPE
Source rdacontent
Content type term text
Content type code txt
337 ## - MEDIA TYPE
Source rdamedia
Media type term unmediated
Media type code n
338 ## - CARRIER TYPE
Source rdacarrier
Carrier type term volume
Carrier type code nc
504 ## - BIBLIOGRAPHY, ETC. NOTE
Bibliography, etc Includes bibliographical references and index.
650 #7 - SUBJECT ADDED ENTRY--TOPICAL TERM
Topical term or geographic name as entry element Diplomacy.
Source of heading or term BUEsh
655 ## - INDEX TERM--GENRE/FORM
Form subdivision Reading book
700 1# - ADDED ENTRY--PERSONAL NAME
Personal name Langhorne, Richard,
Dates associated with a name 1940-
Relator term author.
856 42 - ELECTRONIC LOCATION AND ACCESS
Materials specified Publisher description
Uniform Resource Identifier <a href="http://www.loc.gov/catdir/enhancements/fy0648/94015093-d.html">http://www.loc.gov/catdir/enhancements/fy0648/94015093-d.html</a>
906 ## - LOCAL DATA ELEMENT F, LDF (RLIN)
a 7
b cbc
c orignew
d 1
e ocip
f 19
g y-gencatlg
942 ## - ADDED ENTRY ELEMENTS (KOHA)
Source of classification or shelving scheme Dewey Decimal Classification
Koha item type Book - Borrowing
Holdings
Withdrawn status Lost status Source of classification or shelving scheme Damaged status Not for loan Collection code Home library Current library Shelving location Date acquired Source of acquisition Cost, normal purchase price Serial Enumeration / chronology Total Checkouts Full call number Barcode Date last seen Cost, replacement price Price effective from Koha item type
    Dewey Decimal Classification     Baccah Central Library Central Library First floor 16/02/2025 Purchase 390.00 39018   327.209 HAM 000057252 15/07/2025 488.00 16/02/2025 Book - Borrowing